| 000 | 00707nam a2200241 a 4500 | ||
|---|---|---|---|
| 001 | |||
| 003 | DO-SdBNP | ||
| 005 | 20211008084809.0 | ||
| 008 | 091120s2011 dr 000 f spa d | ||
| 020 | _a9789945410600 | ||
| 040 |
_aDO-SdBNP _bspa _cBPMSU |
||
| 082 |
_aRD863.44 _bS237m 2011 _222 |
||
| 100 | 1 | _aSantos, Luis R. | |
| 245 | 1 | 0 |
_aMemorias de un hombre solo / _cLuis R. Santos. |
| 260 |
_aSanto Domingo : _bLetra Gráfica, _c2011. |
||
| 300 |
_a191 p. ; _c23 cm. |
||
| 500 | _aIncluye datos biográficos del autor en la solapa de la cubierta. | ||
| 590 | _aInventariado, 2021/VM | ||
| 650 | 4 | _aNovela dominicana | |
| 650 | 4 | _aLiteratura dominicana. | |
| 910 | _aVMateo V. | ||
| 942 |
_2ddc _cBK |
||
| 999 |
_c13772 _d13772 |
||